Ausländer rein Warum es kein "Ausländerproblem" gibt
Gespeichert in:
| 1. Verfasser: | |
|---|---|
| Format: | Buch |
| Sprache: | Deutsch |
| Veröffentlicht: |
München
Piper
1990
|
| Ausgabe: | 1. Aufl. |
| Schlagworte: | |
| Tags: |
Keine Tags, Fügen Sie das erste Tag hinzu!
|
MARC
| LEADER | 00000nam a2200000 4500 | ||
|---|---|---|---|
| 001 | c000559 | ||
| 005 | 20221215125224.9 | ||
| 020 | |a 3-492-10908-X | ||
| 041 | 0 | |a ger | |
| 044 | |a DE | ||
| 245 | 1 | 0 | |a Ausländer rein |b Warum es kein "Ausländerproblem" gibt |c Roland Tichy |
| 250 | |a 1. Aufl. | ||
| 264 | 1 | |a München |b Piper |c 1990 | |
| 300 | |a 165 s. | ||
| 610 | 2 | 0 | |a Nemecko |
| 610 | 2 | 0 | |a migrácia |
| 610 | 2 | 0 | |a NDR |
| 610 | 2 | 0 | |a pohyb obyvateľstva |
| 610 | 2 | 0 | |a politika vnútorná |
| 610 | 2 | 0 | |a politika zahraničná |
| 610 | 2 | 0 | |a imigrácia |
| 610 | 2 | 0 | |a pracovníci zahraniční |
| 100 | 1 | |a Tichy, Roland | |